<?xml version="1.0" encoding="UTF-8"?>
<collection xmlns="http://www.loc.gov/MARC21/slim">
<record>
  <controlfield tag="001">129896</controlfield>
  <controlfield tag="005">20240112163659.0</controlfield>
  <datafield tag="024" ind1="7" ind2=" ">
    <subfield code="2">doi</subfield>
    <subfield code="a">10.31810/rsel.53.1.3</subfield>
  </datafield>
  <datafield tag="024" ind1="8" ind2=" ">
    <subfield code="2">sideral</subfield>
    <subfield code="a">136114</subfield>
  </datafield>
  <datafield tag="037" ind1=" " ind2=" ">
    <subfield code="a">ART-2023-136114</subfield>
  </datafield>
  <datafield tag="041" ind1=" " ind2=" ">
    <subfield code="a">eng</subfield>
  </datafield>
  <datafield tag="100" ind1=" " ind2=" ">
    <subfield code="a">Hijazo-Gascón, Alberto</subfield>
    <subfield code="u">Universidad de Zaragoza</subfield>
    <subfield code="0">(orcid)0000-0001-8320-9173</subfield>
  </datafield>
  <datafield tag="245" ind1=" " ind2=" ">
    <subfield code="a">Lingüística cognitiva aplicada y ELE: Panorámica general y el caso de la tipología semántica</subfield>
  </datafield>
  <datafield tag="260" ind1=" " ind2=" ">
    <subfield code="c">2023</subfield>
  </datafield>
  <datafield tag="520" ind1="3" ind2=" ">
    <subfield code="a">Este artículo se centra en la Lingüística Cognitiva Aplicada, concretamente en cómo las distintas ramas de esta perspectiva teórica han contribuido a la adquisición y la enseñanza de Español como Lengua Extranjera (ELE). La Lingüística Cognitiva no es un enfoque homogéneo sino que incluye distintas aproximaciones al lenguaje que comparten algunos postulados teóricos como, por ejemplo, la integración del lenguaje con otras habilidades cognitivas. En el campo de ELE, la Gramática Cognitiva ha tenido una amplia aceptación, pero recientemente el interés se ha expandido a otras áreas de la Lingüística Cognitiva. En este artículo se explican los principales beneficios de la aplicación de la Lingüística Cognitiva a la enseñanza de ELE. Nos centraremos en los contrastes tipológicos en relación al movimiento (ej. ir vs. venir; dejar/poner/meter) y en las dificultades que plantean para los estudiantes de ELE. Finalmente, se explican los beneficios de la Lingüística Cognitiva para los nuevos retos de la adquisición y enseñanza de ELE, especialmente en los mencionados contrastes tipológicos. Un ejemplo es el desarrollo de la mediación y la competencia plurilingüe, que pueden tratarse con éxito desde la óptica de la Lingüística Cognitiva.</subfield>
  </datafield>
  <datafield tag="506" ind1="0" ind2=" ">
    <subfield code="a">Access copy available to the general public</subfield>
    <subfield code="f">Unrestricted</subfield>
  </datafield>
  <datafield tag="536" ind1=" " ind2=" ">
    <subfield code="9">info:eu-repo/grantAgreement/ES/DGA/MultiMetAr LMP143-21</subfield>
    <subfield code="9">info:eu-repo/grantAgreement/ES/DGA/Psylex H11-17R</subfield>
    <subfield code="9">info:eu-repo/grantAgreement/ES/MICINN-AEI/PID2021-123302NB-I00</subfield>
    <subfield code="9">info:eu-repo/grantAgreement/ES/NextGenerationEU/MS-240621</subfield>
  </datafield>
  <datafield tag="540" ind1=" " ind2=" ">
    <subfield code="9">info:eu-repo/semantics/openAccess</subfield>
    <subfield code="a">by-nc-nd</subfield>
    <subfield code="u">http://creativecommons.org/licenses/by-nc-nd/3.0/es/</subfield>
  </datafield>
  <datafield tag="655" ind1=" " ind2="4">
    <subfield code="a">info:eu-repo/semantics/article</subfield>
    <subfield code="v">info:eu-repo/semantics/publishedVersion</subfield>
  </datafield>
  <datafield tag="710" ind1="2" ind2=" ">
    <subfield code="1">3013</subfield>
    <subfield code="2">567</subfield>
    <subfield code="a">Universidad de Zaragoza</subfield>
    <subfield code="b">Dpto. Lingüíst.y Liter.Hispán.</subfield>
    <subfield code="c">Área Lengua Española</subfield>
  </datafield>
  <datafield tag="773" ind1=" " ind2=" ">
    <subfield code="g">53, 1 (2023), 41-60</subfield>
    <subfield code="p">Rev. esp. lingüíst.</subfield>
    <subfield code="t">Revista española de lingüística</subfield>
    <subfield code="x">0210-1874</subfield>
  </datafield>
  <datafield tag="856" ind1="4" ind2=" ">
    <subfield code="s">371778</subfield>
    <subfield code="u">http://zaguan.unizar.es/record/129896/files/texto_completo.pdf</subfield>
    <subfield code="y">Versión publicada</subfield>
  </datafield>
  <datafield tag="856" ind1="4" ind2=" ">
    <subfield code="s">1181311</subfield>
    <subfield code="u">http://zaguan.unizar.es/record/129896/files/texto_completo.jpg?subformat=icon</subfield>
    <subfield code="x">icon</subfield>
    <subfield code="y">Versión publicada</subfield>
  </datafield>
  <datafield tag="909" ind1="C" ind2="O">
    <subfield code="o">oai:zaguan.unizar.es:129896</subfield>
    <subfield code="p">articulos</subfield>
    <subfield code="p">driver</subfield>
  </datafield>
  <datafield tag="951" ind1=" " ind2=" ">
    <subfield code="a">2024-01-12-14:11:32</subfield>
  </datafield>
  <datafield tag="980" ind1=" " ind2=" ">
    <subfield code="a">ARTICLE</subfield>
  </datafield>
</record>
</collection>